NJ Municipalities - Middlesex County - Statistics

General Stats
  • This quiz has been taken 495 times
  • The average score is 18 of 25
Answers on the Map
Answers color-coded by a green-red scale on the quiz's map according to % correct below.
 
Answer Stats
Answer % Correct
New Brunswick
91%
South Brunswick Township
89%
East Brunswick Township
88%
Edison Township
88%
North Brunswick Township
88%
Perth Amboy
82%
Woodbridge Township
82%
South Amboy
81%
Metuchen
78%
Piscataway Township
78%
Old Bridge Township
77%
Monroe Township
75%
Carteret
70%
Sayreville
69%
South Plainfield
68%
Jamesburg
66%
Middlesex
65%
Cranbury Township
62%
South River
62%
Dunellen
61%
Highland Park
61%
Plainsboro Township
60%
Helmetta
57%
Spotswood
57%
Milltown
56%
No matching quizzes found
Score Distribution
Percent of People with Each Score
Percentile by Number Answered
Your Score History
You have not taken this quiz